| LEADER | 00668nab#a2200277#ar4500 | ||
|---|---|---|---|
| 001 | 000053404 | ||
| 003 | SVKKK | ||
| 005 | 20090708111614.0 | ||
| 008 | 050714c2005 xo e slo | ||
| FMT | |||
| 038 | |a SVKKK | ||
| 040 | |a SVKKK |b slo |e AACR2 | ||
| 041 | 0 | |a slo | |
| 044 | |a xo |c SK | ||
| 080 | |a 502.72 |2 1997 | ||
| 100 | 1 | |a Čačko, Ľubor |4 aut | |
| 245 | 1 | 0 | |a Za exotikou do našej prírody = |b Ľubor Čačko |
| 300 | |b Fotogr. | ||
| 650 | 0 | 4 | |a exotika |x fauna |x flóra |z Slovensko |x výskyt |
| 773 | 0 | |t Enviromagazín |x 1335-1877 |g Roč. 10, č. 1 (2005), s. 16-17 | |
| 974 | |a MI | ||
| 992 | |a RBX | ||
| BAS | |||
| 852 | |a SVKKK |b BIB | ||
| EXP | |||
| 998 | |a SLO | ||